000 00760nam a2200241 a 4500
001 12894
003 BD-JhCC
005 20230601094425.0
008 190614s2019 bg a|||| |||| 000 0 ben d
020 _a9787010700404
035 _a(BD-JhCC)12894
040 _aBD-JhCC
_dBD-JhCC
041 _aben
082 _a501
_bROY 2019
100 _aরায়, ভবেশ
245 _aবিজ্ঞানের অমিমাংসিত রহস্য /
_bভবেশ রায়
260 _aঢাকা :
_bতূর‌্য প্রকাশনী,
_c২০১৯.
300 _a১৪২ পৃ. :
_bচিত্রবলী;
_c২১ সেমি.
650 _aScience
650 _aDiscoveries
942 _2ddc
_cBK
_07
999 _c12894
_d12894